01024nam a22002657a 450000500170000001000130001702000250003003500130005503700160006804000120008408200170009610000260011324501500013926000380028927000430032730000360037050000490040665000350045565000310049070000360052170000320055794200260058999900190061595201240063420170124110212.0 aB-157307 c00.00a9780070590281 aB-157307 bCen Lib/Ret aDPLbEN a005.756bSHE aShee, Richmond938345 aOrcale wait interface :cby Richmond Shee;Kirtikumar Deshpande [and] K. Gopalakrishnanb a practical guide to performance diagnostics & tuning / aNew DelhibTata McGraw Hillc2006 a7, West Patel NagarbNew Delhie110008 axxviii,350p. :c23cm(pbk)bill. aIncludes bibliographical reference and index aOracle (Computer file)9106164 aComputer interfaces938347 a Deshpande, Kirtikumar9106165 aGopalakrishnan, K. 9106166 2ddccENh005.756mSHE c133583d133583 00104070aLbLd2015-07-27eCen Lib/Retg0.00l0o005.756 SHEpB-157307r2015-07-27 00:00:00t1v0.00w2015-07-27yEN